000 00517nam a2200193Ia 4500
008 151119s9999||||xx |||||||||||||| ||und||
082 _a181.42
082 _bGKKV18062
100 _aजोशी रत्नप्रभा
245 _aमनोमनी
260 _a--
260 _b--
260 _c2000
600 _aजोशी रत्नप्रभा
630 _aमनोमनी
700 _aजोशी रत्नप्रभा
730 _aमनोमनी
942 _cBOOK
999 _c1071154
_d1071151